| 000 | 00703nam a2200241Ia 4500 | ||
|---|---|---|---|
| 003 | OSt | ||
| 005 | 20220918173119.0 | ||
| 006 | a|||||r|||| 00| 0 | ||
| 007 | ta | ||
| 008 | 220917b |||||||| |||| 00| 0 eng d | ||
| 024 | _a5,096 | ||
| 037 | _cTextual | ||
| 040 |
_aARTS _cARTS _beng |
||
| 041 |
_2eng _aeng |
||
| 082 | _aSM950R3M3, K5 | ||
| 100 |
_aWeisman Avery D. _944989 |
||
| 245 | 0 |
_aThe existential core of psychoanalysis _b Reality sense and responsibility |
|
| 260 |
_aBoston _bLittle , Brown and Co. _c1965 |
||
| 300 |
_a255p _ccm. |
||
| 650 |
_aPSYCHOANALYSIS; PSYCHOLOGY _919918 |
||
| 942 |
_hSM950R3M3, K5 _cTEXL _2CC |
||
| 999 |
_c147245 _d147245 |
||